000 01873ngm a22003730a 4500
001 PT14903
003 AR-LpoUNG
005 20210202000140.0
007 vd cvaizq
008 191001s2003||||ag |||||||||||||||||spa d
020 _a9874337680
_c$11.66
040 _aAR-LpoUNG
_bspa
_cAR-LpoUNG
_eaacr
041 _aspa
044 _aag
082 0 _a982 632v13
100 1 _aPigna, Felipe
_edir.
245 1 0 _aHistoria Argentina 1989 - 2001 :
_bel final de los principios
260 _aBuenos Aires :
_bDiana,
_c2003.
520 _aEste último documental de la serie "Historia Argentina" (1776-2001) recorre la historia política, social y económica de la década menemista y del breve gobierno de Fernando de la Rúa con la intención de contribuir al análisis y al debate sobre las causas, las responsabilidades, las víctimas y los beneficiarios del actual modelo neoliberal. El documental rescata material de archivo -en muchos casos inédito- e incluye importantes testimonios como los de Carlos Corach, Víctor de Gennaro, José Alfredo Martínez de Hoz, Carlos "Chacho" Álvarez, Domingo Cavallo, José Luis Machinea, Mariano Grondona, Horacio Verbitsky, Ricardo Molinas, Raúl Alfonsín, Eric Calcagno, Atilio Borón, Artemio López, José Pablo Feinmann, Álvaro Alsogaray, Bernardo Neustadt, Hebe de Bonafini, Estela de Carlotto, Gustavo Cordera, Mario Pergolini, entre muchos otros.
650 4 _aANALISIS HISTORICO
650 4 _aDESARROLLO ECONOMICO
650 4 _aHISTORIA
650 4 _aMEDIOS DE COMUNICACION
650 4 _aPOLITICA ECONOMICA
650 4 _aPROBLEMAS SOCIALES
650 4 _aSOCIEDAD
651 4 _aArgentina
653 _aVIDEOS
653 _aVIDEOS DIDACTICOS
710 2 _aEscuela Superior de Comercio Carlos Pellegrini (Buenos Aires)
710 2 _aUniversidad de Buenos Aires
905 _a14903
942 _cVIDEO
999 _c54205
_d54205